[Event "Ratten op 18th"]
[Site "Ratten"]
[Date "2011.06.03"]
[Round "3"]
[White "Weinberger, Simon"]
[Black "Stitz, Daniel"]
[Result "1/2-1/2"]
[WhiteElo "2024"]
[BlackElo "1930"]
[PlyCount "31"]
[EventDate "2011.06.02"]
[EventType "swiss"]
[EventRounds "5"]
[EventCountry "AUT"]
[SourceTitle "CBM 143 Extra"]
[Source "ChessBase"]
[SourceDate "2011.08.29"]
[SourceVersion "1"]
[SourceVersionDate "2011.08.29"]
[SourceQuality "1"]

1. d4 Nf6 2. Nf3 d5 3. c4 c6 4. Nc3 dxc4 5. e3 Nbd7 6. Bxc4 e6 7. 0-0 Be7 8. Qe2 b5 9. Bd3 Bb7 10. Bd2 a6 11. Rac1 0-0 12. Rfd1 c5 13. Be1 c4 14. Bc2 Nd5 15. e4 Nf4 16. Qe3 1/2-1/2

[Event "Latschach op 26th"]
[Site "Latschach"]
[Date "2010.08.16"]
[Round "4"]
[White "Weinberger, Simon"]
[Black "Wertjanz, David"]
[Result "0-1"]
[WhiteElo "1999"]
[BlackElo "2175"]
[PlyCount "118"]
[EventDate "2010.08.14"]
[EventType "swiss"]
[EventRounds "9"]
[EventCountry "AUT"]
[SourceTitle "CBM 138 Extra"]
[Source "ChessBase"]
[SourceDate "2010.10.29"]
[SourceVersion "1"]
[SourceVersionDate "2010.10.29"]
[SourceQuality "1"]

1. e4 d5 2. exd5 Nf6 3. d4 Nxd5 4. c4 Nb6 5. Nc3 g6 6. Be3 Bg7 7. Qd2 0-0 8. 0-0-0 e5 9. d5 f5 10. f4 c6 11. fxe5 Bxe5 12. Nf3 Bg7 13. d6 Be6 14. b3 N8d7 15. Ng5 Re8 16. Nxe6 Rxe6 17. Bh6 Bxh6 18. Qxh6 Qf6 19. Qd2 Nc5 20. Qd4 Qxd4 21. Rxd4 a5 22. Kc2 Rd8 23. a3 Na6 24. Be2 Rexd6 25. Rxd6 Rxd6 26. Rd1 Rxd1 27. Bxd1 Kf7 28. Kd3 Nc5+ 29. Kd4 Ne6+ 30. Ke3 Kf6 31. Be2 Ke5 32. b4 axb4 33. axb4 Nd4 34. Bd3 f4+ 35. Kf2 Nf5 36. Ne2 Ne3 37. Nxf4 Nexc4 38. g3 Nd6 39. h4 Nd5 40. Nxd5 Kxd5 41. h5 gxh5 42. Bxh7 Kc4 43. Bg6 Kxb4 44. Bxh5 Kc3 45. Bf3 Kd2 46. g4 c5 47. g5 b5 48. g6 Nf5 49. Be4 Ne7 50. g7 c4 51. Kf3 c3 52. Kf4 b4 53. Kg5 b3 54. Kf6 Ng8+ 55. Kf7 c2 56. Kxg8 c1Q 57. Kh8 Qc3 58. Kh7 Qh3+ 59. Kg6 Qe6+ 0-1

[Event "Latschach op 26th"]
[Site "Latschach"]
[Date "2010.08.15"]
[Round "2"]
[White "Weinberger, Simon"]
[Black "Handler, Lukas"]
[Result "1/2-1/2"]
[WhiteElo "1999"]
[BlackElo "2238"]
[PlyCount "87"]
[EventDate "2010.08.14"]
[EventType "swiss"]
[EventRounds "9"]
[EventCountry "AUT"]
[SourceTitle "CBM 138 Extra"]
[Source "ChessBase"]
[SourceDate "2010.10.29"]
[SourceVersion "1"]
[SourceVersionDate "2010.10.29"]
[SourceQuality "1"]

1. e4 e5 2. Nf3 Nc6 3. d3 Nf6 4. g3 Bc5 5. Bg2 d6 6. 0-0 Be6 7. c3 Bb6 8. h3 0-0 9. Qe2 Re8 10. Na3 h6 11. Nc2 d5 12. Rd1 Qd7 13. Kh2 Rad8 14. Be3 d4 15. cxd4 Nxd4 16. Ncxd4 exd4 17. Bd2 c5 18. b3 Bc7 19. Rdc1 Qb5 20. Qf1 b6 21. Be1 h5 22. Ng5 Bc8 23. f4 h4 24. g4 Ba6 25. Rc4 Qd7 26. Bxh4 Bxc4 27. bxc4 Rb8 28. e5 Nh7 29. Nxf7 Kxf7 30. Bd5+ Kf8 31. Re1 g6 32. Bg3 Re7 33. f5 gxf5 34. gxf5 Rg7 35. Qf4 Rg5 36. Bh4 Qg7 37. f6 Qh6 38. Bxg5 Nxg5 39. Qf5 Re8 40. f7 Rxe5 41. Rxe5 Bxe5+ 42. Qxe5 Qxh3+ 43. Kg1 Qg4+ 44. Kh2 1/2-1/2

[Event "Vienna op-A 15th"]
[Site "Vienna"]
[Date "2006.08.06"]
[Round "9"]
[White "Weinberger, Simon"]
[Black "Giessmann, Andreas"]
[Result "1/2-1/2"]
[WhiteElo "2008"]
[BlackElo "2137"]
[PlyCount "59"]
[EventDate "2006.07.29"]
[EventType "swiss"]
[EventRounds "9"]
[EventCountry "AUT"]
[SourceTitle "CBM 113 Extra"]
[Source "ChessBase"]
[SourceDate "2006.09.14"]
[SourceVersion "1"]
[SourceVersionDate "2006.09.14"]
[SourceQuality "1"]

1. e4 e5 2. Nf3 d6 3. d4 Nf6 4. Nc3 Nbd7 5. dxe5 dxe5 6. Bc4 Be7 7. 0-0 0-0 8. h3 c6 9. a4 Qc7 10. Be3 b6 11. Qb1 Bb4 12. Na2 Bd6 13. Nc3 a5 14. Qa2 Nc5 15. Nd2 Ne6 16. Rfd1 Nd4 17. Rac1 Bc5 18. Ncb1 Be6 19. Kf1 Rfe8 20. Bxe6 Nxe6 21. Bxc5 Nxc5 22. Nc3 h5 23. Qc4 Qe7 24. Nf3 Qe6 25. Qxe6 Rxe6 26. Nd2 Rb8 27. Ke2 Ree8 28. Ke3 b5 29. axb5 cxb5 30. Ra1 1/2-1/2

[Event "Vienna op-A 15th"]
[Site "Vienna"]
[Date "2006.08.03"]
[Round "6"]
[White "Schatzl, Franz"]
[Black "Weinberger, Simon"]
[Result "0-1"]
[WhiteElo "2073"]
[BlackElo "2008"]
[PlyCount "88"]
[EventDate "2006.07.29"]
[EventType "swiss"]
[EventRounds "9"]
[EventCountry "AUT"]
[SourceTitle "CBM 113 Extra"]
[Source "ChessBase"]
[SourceDate "2006.09.14"]
[SourceVersion "1"]
[SourceVersionDate "2006.09.14"]
[SourceQuality "1"]

1. d4 Nf6 2. c4 g6 3. Nc3 Bg7 4. e4 d6 5. Nge2 0-0 6. Ng3 e5 7. d5 a5 8. Be2 Na6 9. h4 h5 10. Bg5 Qe8 11. Qd2 Kh7 12. Nb5 b6 13. Bd3 Ng8 14. Qe2 Bg4 15. f3 Bd7 16. 0-0-0 f6 17. Bd2 Bh6 18. Nf1 Bxd2+ 19. Qxd2 Rf7 20. Ne3 Qf8 21. g4 Qh6 22. Rdg1 Qf4 23. Rh3 Ne7 24. Rhg3 Rg8 25. Kd1 g5 26. Qf2 Ng6 27. Ng2 gxh4 28. Nxf4 hxg3 29. Rxg3 Nxf4 30. Be2 hxg4 31. fxg4 Rg5 32. Bf3 Rfg7 33. Nc3 Nc5 34. Rg1 Kg8 35. Qe3 Ncd3 36. Qd2 Bxg4 37. Bxg4 Rxg4 38. Rxg4 Rxg4 39. Qe3 Nxb2+ 40. Kc2 Nxc4 41. Qf3 Rg2+ 42. Kc1 Kf8 43. a4 Ke7 44. Nd1 Ne2+ 0-1

[Event "Vienna op-A 15th"]
[Site "Vienna"]
[Date "2006.07.30"]
[Round "2"]
[White "Kostic, Vladimir G"]
[Black "Weinberger, Simon"]
[Result "1-0"]
[WhiteElo "2433"]
[BlackElo "2008"]
[PlyCount "59"]
[EventDate "2006.07.29"]
[EventType "swiss"]
[EventRounds "9"]
[EventCountry "AUT"]
[SourceTitle "CBM 113 Extra"]
[Source "ChessBase"]
[SourceDate "2006.09.14"]
[SourceVersion "1"]
[SourceVersionDate "2006.09.14"]
[SourceQuality "1"]

1. e4 c5 2. Nf3 d6 3. d4 cxd4 4. Nxd4 Nf6 5. Nc3 a6 6. Bc4 e6 7. Bb3 Nbd7 8. Qf3 Nc5 9. 0-0 b5 10. Re1 Bb7 11. Bd5 Qc7 12. Bxb7 Qxb7 13. b4 Ncd7 14. Qg3 Rc8 15. Nb3 d5 16. exd5 Nxd5 17. Nxd5 Qxd5 18. Bb2 Rxc2 19. Rad1 Qb7 20. Na5 Qc7 21. Qb3 Nf6 22. Be5 Qc8 23. Nb7 Be7 24. Rd8+ Bxd8 25. Nd6+ Kd7 26. Nxc8 Rxc8 27. Qf3 Rf8 28. Rd1+ Ke8 29. Qb7 Rc2 30. Bxf6 1-0

[Event "Vienna op-A 15th"]
[Site "Vienna"]
[Date "2006.07.29"]
[Round "1"]
[White "Weinberger, Simon"]
[Black "Klein, Felix"]
[Result "1-0"]
[WhiteElo "2008"]
[BlackElo "2205"]
[PlyCount "61"]
[EventDate "2006.07.29"]
[EventType "swiss"]
[EventRounds "9"]
[EventCountry "AUT"]
[SourceTitle "CBM 113 Extra"]
[Source "ChessBase"]
[SourceDate "2006.09.14"]
[SourceVersion "1"]
[SourceVersionDate "2006.09.14"]
[SourceQuality "1"]

1. e4 c5 2. Nf3 e6 3. Nc3 a6 4. d4 cxd4 5. Nxd4 Qc7 6. Bd3 Nf6 7. 0-0 Bc5 8. Nb3 Be7 9. a4 Nc6 10. f4 d6 11. Be3 b6 12. Qf3 Bb7 13. Nd4 0-0 14. Qg3 Rfe8 15. e5 Nd7 16. f5 Nxd4 17. f6 g6 18. fxe7 Nf5 19. Rxf5 exf5 20. exd6 Qc6 21. Bxf5 Nf6 22. Bh3 b5 23. Bd4 Nh5 24. Qe5 f6 25. Qe6+ Kg7 26. Rf1 Bc8 27. Bxf6+ Nxf6 28. Qxf6+ Kh6 29. Qf8+ Kh5 30. g4+ Kh4 31. Qh6# 1-0

[Event "Tromsoe Bjornsens Forste tt"]
[Site "Tromsoe"]
[Date "2006.04.23"]
[Round "5"]
[White "Simonsen, Inge"]
[Black "Weinberger, Simon"]
[Result "1/2-1/2"]
[WhiteElo "1430"]
[BlackElo "2008"]
[PlyCount "88"]
[EventDate "2006.04.21"]
[EventType "team"]
[EventRounds "5"]
[EventCountry "NOR"]
[SourceTitle "EXT 2008"]
[Source "ChessBase"]
[SourceDate "2007.11.25"]
[SourceVersion "1"]
[SourceVersionDate "2007.11.25"]
[SourceQuality "1"]

1. e4 c5 2. c3 d6 3. d4 Nf6 4. Bd3 g6 5. Nf3 Bg7 6. 0-0 0-0 7. h3 Qc7 8. Bf4 Nbd7 9. Nbd2 e5 10. dxe5 dxe5 11. Bh2 a6 12. a4 b6 13. Nc4 Ne8 14. Re1 Bb7 15. Bc2 b5 16. Ne3 Nd6 17. Nd5 Bxd5 18. Qxd5 Nb6 19. Qd1 Rfe8 20. axb5 axb5 21. Rxa8 Nxa8 22. b3 c4 23. Qa1 Nb6 24. b4 Ra8 25. Qc1 Kf8 26. Bxe5 Bxe5 27. Nxe5 Qe7 28. Ng4 h5 29. Nh2 Qe5 30. Qe3 Na4 31. Bxa4 bxa4 32. Nf3 Qe6 33. Qd4 Kg8 34. Qd5 Qxd5 35. exd5 a3 36. Nd4 a2 37. Ra1 Kf8 38. f3 Ke7 39. Kf2 Ra3 40. Ne2 Nb5 41. Ke1 Nxc3 42. Nxc3 Rxc3 43. Rxa2 Rb3 44. Rc2 Rxb4 1/2-1/2

[Event "NOR-chT north"]
[Site "Harstad"]
[Date "2006.01.28"]
[Round "3"]
[White "Madsen, Rune"]
[Black "Weinberger, Simon"]
[Result "0-1"]
[WhiteElo "1063"]
[BlackElo "2008"]
[PlyCount "100"]
[EventDate "2006.01.27"]
[EventType "team"]
[EventRounds "5"]
[EventCountry "NOR"]
[SourceTitle "EXT 2008"]
[Source "ChessBase"]
[SourceDate "2007.11.25"]
[SourceVersion "1"]
[SourceVersionDate "2007.11.25"]
[SourceQuality "1"]

1. e4 e5 2. Nc3 Nf6 3. Nf3 d6 4. b3 Be7 5. Bb2 0-0 6. d4 Nbd7 7. Be2 a6 8. h3 exd4 9. Nxd4 Ne5 10. f4 Ng6 11. g3 b5 12. f5 Ne5 13. Nf3 Nfd7 14. Qd2 Nxf3+ 15. Bxf3 Ne5 16. Qe2 Bf6 17. 0-0-0 Bb7 18. Kb1 Nxf3 19. Qxf3 b4 20. Nd5 Bxb2 21. Kxb2 Bxd5 22. Rxd5 Qf6+ 23. Kb1 a5 24. Re1 a4 25. e5 dxe5 26. Rdxe5 h6 27. Qf2 axb3 28. cxb3 Qd6 29. Qc2 Ra6 30. g4 Rc6 31. Qd1 Qf6 32. R1e3 Kh7 33. Qe1 Qd6 34. Qe2 Rd8 35. g5 Qd1+ 36. Qxd1 Rxd1+ 37. Kb2 Rd2+ 38. Kb1 hxg5 39. Re1 g6 40. fxg6+ Kxg6 41. Rg1 f6 42. Rb5 Rd4 43. Rg4 Rd1+ 44. Kb2 Rh1 45. h4 Rh2+ 46. Kb1 Rxh4 47. Rbxb4 Rxg4 48. Rxg4 f5 49. Rc4 Rxc4 50. bxc4 g4 0-1

[Event "NOR-chT north"]
[Site "Harstad"]
[Date "2006.01.28"]
[Round "2"]
[White "Weinberger, Simon"]
[Black "Alsos, Ulv Greve"]
[Result "1-0"]
[WhiteElo "2008"]
[BlackElo "997"]
[PlyCount "75"]
[EventDate "2006.01.27"]
[EventType "team"]
[EventRounds "5"]
[EventCountry "NOR"]
[SourceTitle "EXT 2008"]
[Source "ChessBase"]
[SourceDate "2007.11.25"]
[SourceVersion "1"]
[SourceVersionDate "2007.11.25"]
[SourceQuality "1"]

1. e4 d6 2. g3 Nf6 3. Bg2 g6 4. Ne2 Bg7 5. 0-0 c5 6. d4 cxd4 7. Nxd4 0-0 8. Na3 Nc6 9. Nxc6 bxc6 10. e5 Nd5 11. exd6 Qxd6 12. c4 Nb6 13. Qxd6 exd6 14. Bxc6 Rb8 15. Bf4 Bxb2 16. Bxd6 Bxa1 17. Rxa1 Bb7 18. Bxb7 Rxb7 19. Bxf8 Kxf8 20. Rb1 Rc7 21. Rc1 a6 22. Kf1 Ke7 23. Ke2 Kd6 24. Kd3 Rd7 25. Kc3 Kc5 26. Re1 Kd6 27. Rd1+ Kc5 28. Rxd7 Nxd7 29. Nc2 Ne5 30. Nb4 a5 31. Nd3+ Nxd3 32. Kxd3 a4 33. a3 h6 34. h3 f5 35. f4 g5 36. h4 gxh4 37. gxh4 h5 38. Kc3 1-0